书目信息 |
| 题名: |
建筑工程安全生产法律法规标准汇编
|
|
| 作者: | ;建筑部 编 | |
| 分册: | ||
| 出版信息: | 北京 中国建筑工业出版社 2006.05 |
|
| 页数: | 1267页 | |
| 开本: | 26cm | |
| 丛书名: | ||
| 单 册: | ||
| 中图分类: | D922.549 | |
| 科图分类: | ||
| 主题词: | 建筑工程--jian zhu gong cheng--工程施工--安全生产--法规--中国--汇编 , 建筑工程--jian zhu gong cheng--工程施工--安全生产--标准--中国--汇编 | |
| 电子资源: | ||
| ISBN: | 7-112-08243-9 | |
| 000 | 01160nam0 2200253 450 | |
| 001 | 012008488296 | |
| 005 | 20080113143734.75 | |
| 010 | @a7-112-08243-9@b精装@dCNY136.00 | |
| 100 | @a20080113d2006 em y0chiy0120 ea | |
| 101 | 0 | @achi |
| 102 | @aCN@b110000 | |
| 105 | @aak z 000yy | |
| 106 | @ar | |
| 200 | 1 | @a建筑工程安全生产法律法规标准汇编@Ajian zhu gong cheng an quan sheng chan fa lu fa gui biao zhun hui bian@f建设部工程质量安全监督与行业发展司编@Fjian she bu gong cheng zhi liang an quan jian du yu hang ye fa zhan si bian |
| 210 | @a北京@c中国建筑工业出版社@d2006.05 | |
| 215 | @a1267页@c图@d26cm | |
| 330 | @a本书共分为四部分:第一部分国家法律、法规;第二部分地方法规、规章;第三部分规范性文件;第四部分标准、规范,并附有《建筑工程施工安全专业标准体系情况》。 | |
| 333 | @a建筑业各级安全管理人员和施工技术人员等 | |
| 606 | 0 | @a建筑工程@Ajian zhu gong cheng@x工程施工@x安全生产@x法规@y中国@j汇编 |
| 606 | 0 | @a建筑工程@Ajian zhu gong cheng@x工程施工@x安全生产@x标准@y中国@j汇编 |
| 690 | @aD922.549@v4 | |
| 711 | 02 | @a建筑部@Ajian zhu bu@b工程质量安全监督与行业发展司@4编 |
| 801 | 0 | @aCN@bQSSK@c20080113 |
| 905 | @b277636@dD922.549@eJ320@f1 | |
| 建筑工程安全生产法律法规标准汇编/建设部工程质量安全监督与行业发展司编.-北京:中国建筑工业出版社,2006.05 |
| 1267页:图;26cm |
| 使用对象:建筑业各级安全管理人员和施工技术人员等 |
| ISBN 7-112-08243-9(精装):CNY136.00 |
| 本书共分为四部分:第一部分国家法律、法规;第二部分地方法规、规章;第三部分规范性文件;第四部分标准、规范,并附有《建筑工程施工安全专业标准体系情况》。 |
| ● |
| 相关链接 |
|
|
|
正题名:建筑工程安全生产法律法规标准汇编
索取号:D922.549/J320
 
预约/预借
| 序号 | 登录号 | 条形码 | 馆藏地/架位号 | 状态 | 备注 |
| 1 | 277636 | 202776362 | 社科库509/509社科库 89排9列2层/ [索取号:D922.549/J320] | 在馆 |